Prénoms masculins les plus donnés en 2011 - Statistiques

Statistiques générales
  • Ce quiz a été pris 408 fois
  • Le résultat moyen est 59 sur 100
Statistiques - réponses
% Correct
6 L Léo
92%
7 J Jules
91%
1 N Nathan
91%
93 L Luca
90%
3 L Louis
89%
18 P Paul
88%
5 H Hugo
87%
12 T Théo
87%
32 Q Quentin
85%
21 T Thomas
85%
25 A Alexandre
84%
2 L Lucas
84%
56 J Julien
83%
11 T Tom
82%
4 G Gabriel
81%
14 M Maxime
81%
36 N Noa
81%
27 V Valentin
80%
41 V Victor
80%
17 A Antoine
79%
8 A Arthur
79%
58 P Pierre
79%
13 E Enzo
77%
34 A Alexis
76%
38 R Romain
76%
54 W William
76%
22 E Ethan
75%
20 M Mathis
75%
23 A Axel
74%
16 B Baptiste
74%
10 C Clément
74%
24 N Noah
74%
31 N Noé
74%
37 M Mathéo
73%
59 M Mathieu
73%
67 N Nicolas
72%
9 R Raphaël
72%
53 M Martin
70%
19 T Timéo
70%
15 M Maël
68%
80 K Kylian
67%
48 B Bastien
65%
44 M Matteo
65%
33 N Nolan
65%
29 G Gabin
64%
57 S Samuel
63%
42 Y Yanis
63%
40 B Benjamin
62%
77 F Florian
62%
86 L Liam
62%
60 S Simon
62%
26 M Maxence
61%
43 C Corentin
60%
68 T Thibault
59%
47 A Adrien
58%
30 S Sacha
58%
28 E Evan
57%
66 T Timothé
57%
92 G Gaspard
56%
76 M Matéo
56%
35 R Robin
56%
71 O Oscar
54%
49 A Adam
53%
95 E Eliot
53%
89 M Mathias
53%
50 E Estéban
50%
52 M Mathys
50%
39 T Tristan
50%
69 D Dorian
48%
45 T Titouan
48%
78 A Antonin
47%
63 L Louka
47%
75 M Malo
46%
62 E Eliott
44%
64 M Marius
44%
82 M Matthieu
44%
46 A Aaron
41%
74 A Augustin
41%
87 C Charlie
41%
79 L Lilian
40%
91 T Tiago
39%
85 I Ilan
37%
88 D Diego
35%
96 G Gaëtan
34%
70 L Lenny
34%
51 L Loic
34%
81 T Timothée
34%
55 L Lorenzo
33%
65 A Amaury
32%
98 C Camille
32%
90 L Léandre
32%
73 L Loan
32%
94 N Nathanaël
32%
84 E Erwan
31%
99 L Luka
28%
100 E Ewen
23%
61 L Loris
23%
97 J Johan
18%
72 E Elouan
17%
83 T Timoté
15%
Aucun quiz correspondant
Distribution des résultats
% des personnes avec chaque résultat
Percentile par nombre de réponses
Votre historique - résultats
Vous n’avez pas pris ce quiz